The Silmarillion: Trivia #1 - Statistics

General Stats
  • This quiz has been taken 424 times
  • The average score is 11 of 15
Answer Stats
Hint Answer % Correct
How many Silmarils were there? 3
100%
Who was the greatest servant of Morgoth? Sauron
98%
What was the name of Earendil's son who decided to be of the kindred of elves? Elrond
95%
What was the name of Earendil's son who decided to be of the kindred of men? Elros
89%
Who was Luthien's father? Thingol
86%
Who killed Glaurung? Turin
80%
Who cast himself and a silmaril into a fiery chasm? Maedhros
78%
Who rescued Maedhros from Thangorodrim? Fingon
71%
Who was Beren's father? Barahir
68%
Who was the father of Celebrimbor? Curufin
68%
Who cast a Silmaril into the sea? Maglor
65%
Who is the twin of Amrod? Amras
64%
Who killed Maeglin? Tuor
62%
What killed Finrod Felagund? A werewolf
60%
Who managed to kill three of the Sons of Feanor in Doriath? Dior
59%
No matching quizzes found
Score Distribution
Percent of People with Each Score
Percentile by Number Answered
Your Score History
You have not taken this quiz